AH International Schools' Libraries

Through the looking - glass / (Record no. 48282)

MARC details
000 -LEADER
fixed length control field 00634nam a2200169 4500
020 ## - INTERNATIONAL STANDARD BOOK NUMBER
International Standard Book Number 9780141330075
100 ## - MAIN ENTRY--PERSONAL NAME
Personal name Carrol, Lewis.
9 (RLIN) 85996
245 ## - TITLE STATEMENT
Title Through the looking - glass /
Statement of responsibility, etc Lewis Carrol.
260 ## - PUBLICATION, DISTRIBUTION, ETC. (IMPRINT)
Place of publication, distribution, etc UK:
Name of publisher, distributor, etc Puffin;
Date of publication, distribution, etc 2015.
300 ## - PHYSICAL DESCRIPTION
Extent 191 p.
Other physical details ill.
Dimensions 18 cm.
490 ## - SERIES STATEMENT
Series statement Puffin Classics;
520 ## - SUMMARY, ETC.
Summary, etc In this sequel to "Alice in Wonderland," Alice journeys through a mirror to a strange and wonderful world where curious adventures await her.
650 ## - SUBJECT ADDED ENTRY--TOPICAL TERM
Topical term or geographic name as entry element Children sstories. Imaginary places.
Form subdivision Fiction.
9 (RLIN) 85997
655 ## - INDEX TERM--GENRE/FORM
Genre/form data or focus term Fantasy.
9 (RLIN) 56253
700 ## - ADDED ENTRY--PERSONAL NAME
Relator code illustrator.
Personal name John Tenniel.
9 (RLIN) 85998
942 ## - ADDED ENTRY ELEMENTS (KOHA)
Source of classification or shelving scheme
Koha item type J FIC BOOKS
Holdings
Withdrawn status Lost status Source of classification or shelving scheme Damaged status Not for loan Collection code Home library Current library Shelving location Date acquired Total Checkouts Total Renewals Full call number Barcode Date last seen Date checked out Price effective from Koha item type
          SECONDARY Asian Hope Secondary Library Asian Hope Secondary Library Junior Fiction 01/30/2025 1 1 J FIC CAR 207497 01/16/2026 03/18/2025 01/30/2025 J FIC BOOKS

For any Logos Library related questions please contact Miss Art at swongnarasuk@asianhope.org.

For any Asian Hope Library related questions please contact Miss Raza at graza@asianhope.org.

Click here to explore our ebooks!

Powered by Koha